[Event "IV Zicosur Open 2019"]
[Site "Antofagasta"]
[Date "2019.01.08"]
[Round "7"]
[White "Titichoca Daza, Daniel"]
[Black "Delgado Ramirez, Neuris"]
[Result "0-1"]
[WhiteElo "2179"]
[BlackElo "2623"]
[Annotator "TA"]
[PlyCount "65"]
[EventDate "2019.01.05"]
[EventType "swiss"]
[EventCountry "CHI"]
[SourceTitle "playchess.com"]
[Source "ChessBase"]
[SourceQuality "1"]

{[%evp 18,65,67,65,69,66,77,66,103,-21,89,35,136,143,129,109,141,185,169,51,129,102,153,145,183,81,133,58,114,73,73,62,60,41,60,35,50,45,42,41,53,31,31,0,0,-22,-7,-6,-6,-427]} 1. e4 c5 2. Nf3 d6 3. d4 cxd4 4. Nxd4 Nf6 5. Nc3 g6 6. Be3 a6 7. Be2 Bg7 8. Qd2 Nc6 9. O-O-O {B72: Sicilian Dragon: 6 Be3, lines with h3+Bc4 and sidelines} (9. f3 d5 10. exd5 Nxd5 11. Nxc6 bxc6 12. Bd4 Bxd4 13. Qxd4 O-O 14. O-O-O Be6 15. Qc5 Qb8 16. g3 a5 {1-0 (26) Topalov,V (2813)-Lu,S (2599) Baku 2015}) 9... Bd7 10. f3 {LiveBook: 5 Games} h5 11. h3 {White is slightly better.} h4 12. f4 Nh5 13. Nd5 $146 ({White should play} 13. Kb1 $16) ({Predecessor:} 13. Nxc6 Bxc6 14. Bxh5 Rxh5 15. Bd4 {1-0 (62) Bivol,A (2137)-Makarov,V (2047) Kostroma 2012}) 13... Rb8 (13... Ng3 $11 {keeps the balance.} 14. Nf3 Nxe4) 14. Bf3 (14. Rhe1 $16) 14... Na5 (14... e6 $1 $14 15. Nxc6 bxc6) 15. b3 $1 $16 Nc6 16. Kb1 Ng3 17. Rhe1 e6 {[#]} 18. Nc3 (18. Nb6 $1 $18 {[%mdl 512]}) 18... Rc8 ({Black should try} 18... O-O $14) 19. Nce2 Nxd4 (19... O-O $142) 20. Bxd4 e5 {White must now prevent ...Nxe2.} 21. fxe5 (21. Bb2 $18 {has better winning chances.}) 21... dxe5 {[#]} (21... Nxe2 $142 22. Bxe2 dxe5) 22. Bb2 (22. Bb6 $1 $16 {[%cal Rb6d8][%mdl 512]} Qe7 (22... Qxb6 23. Qxd7+) 23. Nxg3 hxg3 24. c4) 22... Be6 (22... Nxe2 $1 $14 23. Bxe2 (23. Rxe2 Be6 $14) 23... Be6) 23. Qxd8+ Rxd8 24. Rxd8+ Kxd8 25. Rd1+ Kc7 26. Nf4 Bc8 27. Nd5+ Kb8 $1 28. Nb6 Re8 29. Ba3 Bf8 30. Bxf8 Rxf8 {The position is equal.} 31. Nc4 f6 {[%cal Bf7f6,Bf6f5][%mdl 32]} 32. Nb6 f5 33. Rd7 $2 {[%mdl 8192] Accuracy: White = 34%, Black = 48%.} (33. Re1 $11) 0-1

[Event "IV Zicosur Open 2019"]
[Site "Antofagasta"]
[Date "2019.01.09"]
[Round "8"]
[White "Granda Zuniga, Julio E"]
[Black "Aguirre Contreras, Cristian"]
[Result "1-0"]
[WhiteElo "2641"]
[BlackElo "2299"]
[Annotator "TA"]
[PlyCount "53"]
[EventDate "2019.01.05"]
[EventType "swiss"]
[EventCountry "CHI"]
[SourceTitle "playchess.com"]
[Source "ChessBase"]
[SourceQuality "1"]

{[%evp 13,53,0,12,2,-6,0,-6,-15,-6,-49,0,0,0,0,0,0,145,151,235,258,252,185,236,153,235,226,220,218,200,207,381,231,516,511,502,531,488,491,600,602,597,546]} 1. c4 e6 2. Nc3 d5 3. d4 Nf6 4. Bg5 Be7 5. e3 O-O 6. Qc2 h6 7. Bh4 b6 {LiveBook: 8 Games. D53: Queen's Gambit Declined: 4 Bg5 Be7: Early deviations} (7... c5 8. dxc5 Nbd7 9. cxd5 Nxd5 10. Bxe7 Qxe7 11. Nxd5 exd5 12. Nf3 Nxc5 13. Be2 Bg4 14. O-O Rac8 15. Rfd1 Rfd8 16. h3 Ne6 17. Qa4 Bh5 18. Rd2 d4 19. Qxa7 Bxf3 20. Bxf3 Qb4 {½-½ (29) Kasparov,G (2812)-Dominguez Perez,L (2739) Saint Louis 2017}) 8. Bxf6 Bxf6 9. cxd5 exd5 {The position is equal.} 10. Nge2 $146 {[%cal Bg1e2,Be2f4,Bf4d5][%mdl 32]} ({Predecessor:} 10. b4 c5 11. bxc5 bxc5 12. dxc5 Nc6 13. Rc1 Qa5 14. Qd2 Bf5 15. Nf3 Rad8 16. Nd4 Nxd4 17. exd4 {½-½ (34) Szumniak,J (1975)-Smith,T (2252) Helsingor 2015}) 10... Bb7 11. O-O-O c5 12. dxc5 $1 bxc5 13. Nxd5 Bxd5 14. Nf4 {[#]} Qa5 (14... Bd4 $1 $11 {[%mdl 512]}) 15. Nxd5 $16 Bd8 (15... Nd7 $16) 16. Bc4 Nc6 17. a3 Rb8 (17... Ne5 {was necessary.} 18. Rd2 Nxc4 19. Qxc4 Re8) 18. f4 Rb7 (18... Ne7 $16) 19. Qe4 Kh8 20. g4 {Threatens to win with h4.} Bh4 21. Rd2 Rfb8 $2 (21... Qd8 22. Nc3 Qf6) 22. Rhd1 $40 {[%mdl 128] White is out for blood.} Qa4 $2 (22... Qd8 {keeps fighting.} 23. Nb4 Qe7 24. Qxe7 (24. Qxc6 cxb4 25. Rd8+ Kh7 $11) 24... Nxe7) 23. Nc3 $18 {White is clearly winning.} Qa5 24. Bd3 {[%csl Gd3][%cal Re4h7] [#]} g6 {Black wants to play ...Bf6.} 25. Qxc6 Rxb2 26. Rxb2 Qxc3+ 27. Rc2 {Accuracy: White = 72%, Black = 31%.} 1-0

[Event "IV Zicosur Open 2019"]
[Site "Antofagasta"]
[Date "2019.01.09"]
[Round "8"]
[White "Delgado Ramirez, Neuris"]
[Black "Abarca Gonzalez, Nicolas"]
[Result "1/2-1/2"]
[WhiteElo "2623"]
[BlackElo "2416"]
[Annotator "TA"]
[PlyCount "98"]
[EventDate "2019.01.05"]
[EventType "swiss"]
[EventCountry "CHI"]
[SourceTitle "playchess.com"]
[Source "ChessBase"]
[SourceQuality "1"]

{[%evp 9,98,43,45,56,49,53,68,54,67,65,83,76,90,76,81,68,69,69,50,43,47,49,46,44,88,70,75,78,66,76,99,62,105,66,78,80,148,52,22,-4,0,-3,-3,0,0,-4,-6,0,-8,0,-11,-18,-14,-110,-110,-102,-119,-156,-115,-95,0,-225,-83,-59,-8,-8,0,0,0,0,0,0,0,0,0,0,0,0,3,0,0,0,0,0,0,0,0,0,0,0,0]} 1. e4 c6 2. c4 g6 3. Nc3 Bg7 4. h4 (4. d4 d6 5. h3 Nf6 6. Nf3 O-O 7. Bg5 a6 8. a4 a5 9. Be2 Na6 10. O-O c5 11. d5 h6 12. Bf4 Nd7 13. Qd2 Kh7 14. Bh2 Nb4 15. Rad1 b6 {1-0 (41) Korneev,O (2581)-Burmakin,V (2584) Sochi 2014}) 4... h5 5. d4 d6 {LiveBook: 3 Games} 6. Be3 {B10: Caro-Kann: 2 d3 and 2 c4} Nf6 7. f3 Na6 8. Qd2 {White is slightly better.} Qa5 9. Nge2 $146 ({Predecessor:} 9. Rd1 Bd7 10. a3 Qc7 11. b4 Qb8 12. Nh3 Bxh3 13. Rxh3 Nc7 14. e5 Nd7 15. exd6 exd6 {1-0 (48) Severiukhina,Z (2283)-Poletaev,V (2027) Izhevsk 2011}) 9... O-O 10. Nc1 Be6 11. Be2 Rfb8 12. O-O Qd8 13. Nb3 Nc7 14. Rac1 a5 15. d5 Bd7 16. a4 c5 17. Bh6 Bxh6 18. Qxh6 Qf8 19. Qf4 b6 20. g4 Qg7 21. e5 Nfe8 22. exd6 e5 (22... Nxd6 $142 23. gxh5 Nce8) 23. dxe6 (23. Qh2 $1 $16 Nxd6 24. gxh5) 23... Nxe6 $14 24. Qg3 Rd8 25. Kh2 $132 {[%mdl 2048] White has counterplay} Nxd6 26. Rcd1 ({Much weaker is} 26. Qxd6 Bxa4 27. Qg3 (27. Qxb6 $2 Rab8 $19) 27... Bxb3 $17) 26... Nd4 27. Nxd4 $1 cxd4 28. Nd5 $1 Bxa4 29. Rd2 hxg4 30. Bd3 b5 31. Nb6 {[#]} (31. cxb5 $1 $11 {was the only way to keep the balance.} Bxb5 32. fxg4) 31... bxc4 $1 $17 32. Nxc4 Nxc4 33. Bxc4 Rac8 34. b3 gxf3 (34... Bc6 $17 35. fxg4 Bd5 36. Bxd5 Rxd5) 35. h5 $2 {[#]} (35. Rxf3 $11 {and White has nothing to worry.} Be8 36. h5 $1 {[%mdl 512]}) 35... Rc5 ({Don't play} 35... gxh5 {[#]} 36. Bxf7+ $1 {[%mdl 512]} Kh7 37. Qxf3 $17) (35... Bb5 $1 $19 {[%mdl 512]} 36. Qxf3 (36. Bxb5 Qh6) 36... Bxc4 37. bxc4 Rxc4 38. hxg6 fxg6) 36. Qxg6 {Black must now prevent Bxf7+.} Qxg6 (36... Kh8 $15 37. Qxg7+ Kxg7 38. Rxf3 Rxh5+ 39. Kg3 Be8) 37. hxg6 $11 {The position is equal.} Kg7 38. gxf7 Rh5+ 39. Kg3 Bb5 40. Bxb5 Rxb5 41. Rxf3 {[%mdl 4096] Endgame KRR-KRR} Rb7 42. Rxd4 Rf8 $1 43. Rg4+ Kh8 44. Rgf4 {Strongly threatening Kf2.} Kg7 45. Kf2 {White wants to mate with Rg3+.} Rbxf7 46. Rg3+ Kh8 47. Rxf7 Rxf7+ 48. Ke3 Rd7 49. Ke2 Rd4 {Accuracy: White = 58%, Black = 63%.} 1/2-1/2

[Event "IV Zicosur Open 2019"]
[Site "Antofagasta"]
[Date "2019.01.09"]
[Round "8"]
[White "Bacallao Alonso, Yusnel"]
[Black "Cruz, Cristhian"]
[Result "1/2-1/2"]
[WhiteElo "2583"]
[BlackElo "2564"]
[Annotator "TA"]
[PlyCount "61"]
[EventDate "2019.01.05"]
[EventType "swiss"]
[EventCountry "CHI"]
[SourceTitle "playchess.com"]
[Source "ChessBase"]
[SourceQuality "1"]

{[%evp 29,61,12,14,0,0,0,0,0,0,0,0,0,0,0,0,0,0,0,0,0,0,0,0,0,0,0,2376,2356,2308,2284,2569,2429,29991,29992]} 1. d4 d5 2. c4 e6 3. Nc3 Nf6 4. Nf3 Be7 5. Bg5 h6 6. Bh4 O-O 7. e3 b6 8. Be2 Bb7 9. Bxf6 Bxf6 10. cxd5 exd5 11. b4 c5 12. bxc5 bxc5 13. Rb1 Qa5 14. Qd2 cxd4 15. Nxd4 Bxd4 {[#] LiveBook: 17 Games. D58: Queen's Gambit Declined: Tartakower Defence} 16. Qxd4 $146 ({Predecessor:} 16. exd4 Ba6 17. Nb5 Qd8 18. O-O Nc6 19. Rfd1 Qf6 20. Bf1 Rab8 21. a4 Rfc8 22. Rb3 Bxb5 23. axb5 {1-0 (45) Karpov,A (2725)-Short,N (2685) Linares 1992}) 16... Nc6 17. Qd2 d4 {The position is equal.} 18. exd4 Ba6 19. Bxa6 Qxa6 20. Ne2 Rfe8 21. Rb2 Nxd4 22. Qxd4 {Threatens to win with Qg4.} Rad8 23. Qc3 Rc8 24. Qd2 {[#] Hoping for 0-0.} Rcd8 25. Qc3 Rc8 26. Qd2 {And now 0-0 would win.} Rcd8 27. Qb4 Qa5 $2 {[%mdl 8192] [#]} (27... Rc8 $11 28. Qd2) 28. Qxa5 $18 Rc8 29. Qd2 Rcd8 30. Qf4 Rxe2+ 31. Kxe2 {[%mdl 32768] An unexpected result.} 1/2-1/2

[Event "IV Zicosur Open 2019"]
[Site "Antofagasta"]
[Date "2019.01.09"]
[Round "8"]
[White "Vera Siguenas, Deivy"]
[Black "Martinez Alcantara, Jose Eduardo"]
[Result "1/2-1/2"]
[WhiteElo "2483"]
[BlackElo "2541"]
[Annotator "TA"]
[PlyCount "40"]
[EventDate "2019.01.05"]
[EventType "swiss"]
[EventCountry "CHI"]
[SourceTitle "playchess.com"]
[Source "ChessBase"]
[SourceQuality "1"]

{[%evp 29,40,-19,-20,-23,-23,-27,-27,-28,-14,-21,-25,-27,-24]} 1. e4 c5 2. Nf3 d6 3. Bb5+ Bd7 4. Bxd7+ Qxd7 5. O-O Nc6 6. c3 Nf6 7. Re1 e6 8. d4 cxd4 9. cxd4 d5 10. e5 Ne4 11. Nbd2 Nxd2 12. Bxd2 Be7 13. Rc1 O-O 14. a3 {B52: Sicilian: Moscow Variation with 3...Bd7} Rfc8 15. Rc3 Bd8 {LiveBook: 17 Games} 16. Qb1 {[#] The position is equal.} a5 $146 {[%cal Ba7a5,Ba5a4][%mdl 32]} ({Predecessor:} 16... Ne7 17. Rec1 Rxc3 18. Rxc3 Rc8 19. Qc2 h6 20. Rxc8 Qxc8 21. Qxc8 Nxc8 {½-½ (21) Kuzubov,Y (2623)-Areshchenko,A (2691) Kiev 2012}) 17. Qd3 a4 18. Rc2 Ne7 19. Rec1 Rxc2 20. Rxc2 Rc8 1/2-1/2

[Event "IV Zicosur Open 2019"]
[Site "Antofagasta"]
[Date "2019.01.09"]
[Round "8"]
[White "Lopez Silva, Hugo"]
[Black "Flores, Diego"]
[Result "1/2-1/2"]
[WhiteElo "2399"]
[BlackElo "2609"]
[Annotator "TA"]
[PlyCount "93"]
[EventDate "2019.01.05"]
[EventType "swiss"]
[EventCountry "CHI"]
[SourceTitle "playchess.com"]
[Source "ChessBase"]
[SourceQuality "1"]

{[%evp 18,93,80,84,101,76,76,38,20,31,36,-7,68,60,147,139,129,98,169,115,120,132,208,217,216,210,221,223,217,214,208,209,210,46,41,45,379,139,153,112,116,116,73,125,187,187,171,178,171,162,164,159,161,0,0,0,0,0,0,0,0,0,0,0,0,0,0,0,0,0,0,0,8,0,0,0,8,0]} 1. e4 c5 2. Nf3 e6 3. Nc3 a6 4. d4 cxd4 5. Nxd4 b5 6. g3 Bb7 7. Bg2 Nf6 8. a3 b4 {B43: Sicilian: Kan Variation: 5 Nc3} 9. axb4 Bxb4 10. O-O {LiveBook: 4 Games} d6 {White is better.} 11. Bg5 Nbd7 $146 ({Predecessor:} 11... Qc8 12. Bxf6 gxf6 {½-½ (12) Srebrnic,M (2332)-Lenic,L (2634) Ljubljana 2011}) 12. e5 (12. Na4 $5 {[%cal Re4e5]}) 12... Bxg2 13. exf6 gxf6 14. Qh5 Bxc3 (14... fxg5 $11 15. Kxg2 Qf6) 15. Nxe6 $1 $14 {[#]} Qe7 (15... Bf3 $1 $14 {[%mdl 512]} 16. Qxf3 fxe6 17. Qxc3 Rc8) 16. Ng7+ $16 Kd8 (16... Kf8 $2 17. Bh6 $18) 17. Kxg2 {aiming for Qf3.} Qe4+ (17... fxg5 $16 {was worth a try.} 18. Qf3 (18. bxc3 Qf6 $14) 18... Bxg7 19. Qxa8+ {[%mdl 64] Double Attack} Kc7 20. Qa7+ (20. Qxa6 Qe4+ {[%mdl 64] Double Attack} 21. f3 Qc6 $14) 20... Kd8) 18. Kg1 (18. f3 $18 Qg6 19. Bc1 (19. bxc3 $2 fxg5 20. Rfd1 Rg8 $19)) 18... fxg5 19. bxc3 Qg6 (19... Ne5 $16) 20. Qf3 $18 Rc8 21. Nf5 Ne5 22. Qe4 Rc4 23. Qa8+ {[%mdl 64] Double Attack} Kd7 24. Qxh8 Qxf5 {[#]} 25. f4 $2 (25. Qa8 $1 $18) 25... gxf4 $14 26. Rxa6 Rc8 $2 {[%mdl 8192]} (26... Qe4 $14) 27. Rxf4 $2 (27. Ra7+ $18 {and the rest is easy.} Kc6 28. Rxf4) 27... Nf3+ $16 28. Rxf3 {[%mdl 64] Remove Defender} Qxf3 {[%mdl 4096] Endgame KQR-KQR} 29. Ra7+ ({But not} 29. Qxh7 $6 Qe3+ 30. Kf1 Qf3+ 31. Kg1 Qe3+ 32. Kf1 Qf3+ 33. Kg1 $11) 29... Rc7 30. Rxc7+ Kxc7 31. Qxh7 {KQ-KQ} Qe3+ 32. Kg2 Qe2+ 33. Kh3 Qe6+ 34. Kh4 Kc6 35. h3 $2 (35. Qh5 $18) 35... Qe7+ $1 $11 {The position is equal.} 36. Kg4 {Strongly threatening Qf5.} Qe2+ 37. Kf4 Qe5+ 38. Kg4 Qe2+ 39. Kf4 Qe5+ 40. Kg4 Qe2+ 41. Kh4 Qe7+ 42. Kh5 {Threatens to win with Qf5.} Qe5+ {[%mdl 64] Double Attack} 43. Kg4 Qe2+ 44. Kf4 {Black must now prevent Qe4+.} Qe5+ 45. Kg4 Qe2+ 46. Kf4 {Qe4+ is the strong threat.} Qe5+ 47. Kg4 {Accuracy: White = 47%, Black = 60%.} 1/2-1/2

[Event "IV Zicosur Open 2019"]
[Site "Antofagasta"]
[Date "2019.01.09"]
[Round "8"]
[White "Bolanos, Fernando"]
[Black "Pichot, Alan"]
[Result "0-1"]
[WhiteElo "2231"]
[BlackElo "2581"]
[Annotator "TA"]
[PlyCount "118"]
[EventDate "2019.01.05"]
[EventType "swiss"]
[EventCountry "CHI"]
[SourceTitle "playchess.com"]
[Source "ChessBase"]
[SourceQuality "1"]

{[%evp 20,118,46,8,8,-18,-22,-33,-38,-39,-32,-87,-89,-75,-36,-25,-23,-29,-36,-33,-28,-32,2,-81,-83,-70,-19,-19,-19,-15,-16,-118,-119,-110,-116,-114,-54,-57,-69,-108,-89,-95,-95,-93,-82,-85,-81,-98,-85,-85,-85,-112,-115,-112,-87,-79,-73,-128,-128,-121,-93,-77,-45,-110,-112,-123,-123,-231,-143,-568,-275,-299,-294,-682,-620,-618,-617,-658,-636,-714,-535,-29962,-29965,-6518,-2397,-29973,-29973,-29973,-29974,-29975,-29976,-29982,-29976,-29978,-29979,-29979,-29980,-29980,-29981,-29980,-29978]} 1. e4 e5 2. Nf3 Nc6 3. Bb5 a6 4. Ba4 Nf6 5. d3 d6 6. c3 Bd7 7. Nbd2 g6 8. O-O Bg7 9. Re1 O-O 10. Nf1 Nh5 {C77: Ruy Lopez: 3...a6 4 Ba4 Nf6, unusual lines} (10... Qe8 11. Bb3 Nh5 12. h3 Na5 13. Bc2 f5 14. d4 Nc6 15. dxe5 dxe5 16. Ne3 f4 17. Nd5 Rc8 18. b4 {½-½ (60) Karthikeyan,M (2605)-Puranik,A (2524) Manavgat 2018}) 11. d4 {LiveBook: 3 Games} exd4 12. Nxd4 (12. cxd4 {seems wilder.} Bg4 13. Bxc6 bxc6 14. Be3 Rb8 15. Rc1) 12... Nxd4 $146 {The position is equal.} ({Predecessor:} 12... b5 13. Nxc6 Bxc6 14. Bb3 Rb8 15. f3 Re8 {½-½ (15) Garcia Luque,A (2425)-Rizouk,A (2467) Dos Hermanas 2002}) 13. cxd4 Bxa4 14. Qxa4 Re8 15. g4 (15. d5 $15) 15... Nf6 $17 16. f3 Nd7 17. Be3 c5 18. Rad1 b5 {[%cal Bb7b5,Bb5b4][%mdl 32]} 19. Qa3 {[%cal Rd4c5]} Qe7 20. Bf2 Rec8 21. e5 {[#]} (21. f4 $11) 21... b4 $1 $36 {[%cal Rb4a3][%mdl 2048] Black has strong initiative.} 22. Qb3 cxd4 (22... dxe5 $15 23. dxc5 Nxc5 24. Qxb4 Bf8) 23. Rxd4 $11 dxe5 ({Don't blunder} 23... Bxe5 $2 24. f4 $18) 24. Qxb4 Qe6 25. Qd6 (25. b3 $11 {keeps the balance.}) 25... Qxa2 $17 26. Qd5 Qxd5 ({And not} 26... Qxb2 27. Rd2 $16) 27. Rxd5 Rc7 (27... Nf8 $17 28. Bg3 Rab8 29. Bxe5 Bxe5 30. Rexe5 Rxb2) 28. Red1 $15 Nf8 29. Ra5 Rb7 30. Rd6 Rxb2 31. Rdxa6 Rxa6 32. Rxa6 Ne6 33. Be3 Rb3 34. Kf2 Bf8 35. Ra5 Rb2+ 36. Kg1 Bd6 37. Nd2 Bb4 38. Rd5 (38. Ra8+ $142 Kg7 39. Nc4) 38... Bxd2 $17 39. Rxd2 {[%mdl 4096] Endgame KRB-KRN} Rb3 40. Kf2 Kg7 41. Re2 (41. g5 $15) 41... f5 42. Bc1 Nc5 {White must now prevent ...Nd3+.} 43. Kg3 (43. Kg2 $17) 43... Nd3 44. Rc2 $2 {[%mdl 8192]} (44. Bg5 $17 {is more resistant.}) 44... Ne1 (44... f4+ $142 45. Kh4 Ne1 46. Rc7+ Kg8) 45. Rc7+ $19 {[#]} Kf6 $1 46. g5+ $2 (46. Rc6+ Kf7 47. Kf2 Nxf3 48. gxf5) 46... Ke6 47. Kf2 Nxf3 48. Rxh7 f4 49. Rh3 {[#]} Nd2 $1 {[%mdl 512]} 50. Rxb3 (50. Bxd2 Rxh3) 50... Nxb3 {KB-KN} 51. Bb2 Kf5 (51... e4 $142 52. Ke2 Kf5) 52. h4 Nc5 {Black mates.} 53. Ke2 e4 54. Bc3 Nd3 55. Ba5 Ne5 56. Bc7 Nf3 57. h5 gxh5 58. g6 Nd4+ 59. Kf2 Ne6 {Accuracy: White = 32%, Black = 60%.} 0-1

[Event "IV Zicosur Open 2019"]
[Site "Antofagasta"]
[Date "2019.01.10"]
[Round "9"]
[White "Flores, Diego"]
[Black "Delgadillo, Adonay"]
[Result "1-0"]
[WhiteElo "2609"]
[BlackElo "2218"]
[Annotator "TA"]
[PlyCount "89"]
[EventDate "2019.01.05"]
[EventType "swiss"]
[EventCountry "CHI"]
[SourceTitle "playchess.com"]
[Source "ChessBase"]
[SourceQuality "1"]

{[%evp 22,89,63,52,62,47,62,50,79,62,62,68,72,68,79,68,68,62,71,69,79,75,87,88,85,68,66,80,72,69,94,97,137,131,122,114,112,93,132,84,138,140,137,93,106,100,134,122,190,206,220,194,221,204,311,280,631,619,683,351,351,351,351,351,348,343,337,337,29998,29999]} 1. Nf3 Nf6 2. g3 g6 3. b3 d6 4. d4 Bg7 5. Bb2 O-O 6. Bg2 Nbd7 7. O-O Ne4 8. c4 {A49: 1 d4 Nf6 2 Nf3 g6 3 g3: Anti-King's Indian systems} c6 9. Nfd2 Nxd2 10. Qxd2 e5 11. dxe5 Nxe5 12. Nc3 {LiveBook: 5 Games} Qa5 13. Rad1 Be6 14. Qc1 $146 ({Of course not} 14. Qxd6 Nxc4 15. bxc4 Bxc3 $15) ({Predecessor:} 14. Ne4 Qxa2 15. f4 Nxc4 16. bxc4 Qxb2 17. Qxb2 Bxb2 18. Nxd6 Rab8 19. Rd3 {0-1 (37) Graeber,R (2132)-Souleidis,G (2383) Oberhausen 1999}) 14... Rfd8 15. Qa1 f5 16. e3 Rd7 17. Ne2 Re8 18. Bc3 Qc7 19. Rd2 a5 20. Rfd1 a4 21. h3 axb3 22. axb3 Bf8 23. Kh2 Nf7 24. Bf6 Be7 25. Bb2 Rdd8 26. Qc1 Qa5 27. Qc2 Bf8 28. Ra1 Qc7 29. Qc3 Qe7 30. Rad1 Bc8 (30... Bh6 $142) 31. b4 $16 Ne5 32. f4 Nf7 33. Rd3 $36 {[%mdl 2048] Black is under strong pressure.} Qc7 34. Ng1 {[%cal Be2g1,Bg1f3,Bf3d4,Bd4c6][%mdl 32]} Re6 (34... Qe7 $16 {was called for.}) 35. Nf3 $18 h6 36. Ra1 Rde8 37. b5 Bd7 (37... Qe7 {was worth a try.} 38. Ra3 cxb5 39. cxb5 g5) 38. Nd4 R6e7 $2 (38... Re4 39. Bxe4 fxe4) 39. Ra7 Qb6 {[#]} 40. Rxb7 $1 {[%mdl 512]} Qxb7 41. bxc6 Bxc6 42. Nxc6 ({Not} 42. Bxc6 Qc8 $18) 42... Rxe3 43. Rxe3 Rxe3 {[#]} 44. Qf6 $1 {[%cal Rf6g6]} ({Weaker is} 44. Qxe3 Qxb2 45. h4 h5 $16) 44... Re2 $2 (44... Ne5 $18) 45. Qxg6+ {Accuracy: White = 79%, Black = 48%.} 1-0

[Event "IV Zicosur Open 2019"]
[Site "Antofagasta"]
[Date "2019.01.10"]
[Round "9"]
[White "Pichot, Alan"]
[Black "Vera Siguenas, Deivy"]
[Result "1/2-1/2"]
[WhiteElo "2581"]
[BlackElo "2483"]
[Annotator "TA"]
[PlyCount "78"]
[EventDate "2019.01.05"]
[EventType "swiss"]
[EventCountry "CHI"]
[SourceTitle "playchess.com"]
[Source "ChessBase"]
[SourceQuality "1"]

{[%evp 25,78,47,49,50,25,27,43,52,83,49,48,30,38,44,41,22,30,29,43,31,30,23,55,57,58,59,55,57,62,68,58,19,46,48,45,33,44,29,23,19,15,8,8,8,8,8,8,8,8,8,14,0,0,0,0]} 1. e4 c6 2. d4 d5 3. e5 Bf5 4. Nf3 e6 5. Be2 c5 6. Be3 cxd4 7. Nxd4 Ne7 8. c4 Nbc6 9. Qa4 {B12: Caro-Kann: Advance Variation} a6 10. Nc3 dxc4 11. O-O-O Bd3 (11... Qa5 12. Qxa5 Nxa5 13. Nxf5 Nxf5 14. Bb6 Nc6 15. f4 Rc8 16. Bxc4 Bb4 {1-0 (35) Sevian,S (2620)-Nisipeanu,L (2687) Tbilisi 2017}) 12. Bxd3 cxd3 13. Rxd3 Qa5 {LiveBook: 3 Games} ({Not} 13... b5 $2 14. Ndxb5 Qxd3 15. Nc7+ Kd8 16. Nxa8 $18) 14. Qxa5 Nxa5 15. f4 Rd8 16. Rhd1 Nac6 17. a3 $146 (17. Ne4 {with more complications.} Nb4 18. Rb3 Ned5 19. Bd2 Nxa2+ 20. Kb1) 17... Nxd4 18. Rxd4 Rxd4 19. Bxd4 Nc6 20. Bb6 Be7 21. Ne4 h6 22. Bc5 g5 23. g3 {[%cal Bg2g3,Bg3f4][%mdl 32]} gxf4 24. gxf4 Rg8 25. Bxe7 Kxe7 $14 {[%mdl 4096] Endgame KRN-KRN} 26. Nf6 Rd8 27. Rxd8 Kxd8 {KN-KN} 28. Kd2 Nd4 29. Ke3 Nf5+ 30. Kf3 b5 31. Kg4 Ke7 32. Kh5 Kf8 $1 {The position is equal.} 33. Nd7+ Kg7 $1 34. Nc5 a5 35. Nb7 a4 36. Nd6 Ne3 37. Nxb5 {aiming for Nc3.} Nd1 38. h4 Nxb2 39. Kg4 Nc4 {Accuracy: White = 64%, Black = 69%.} 1/2-1/2

[Event "IV Zicosur Open 2019"]
[Site "Antofagasta"]
[Date "2019.01.09"]
[Round "9"]
[White "Cruz, Cristhian"]
[Black "Delgado Ramirez, Neuris"]
[Result "*"]
[WhiteElo "2564"]
[BlackElo "2623"]
[Annotator "TA"]
[PlyCount "28"]
[EventDate "2019.01.05"]
[EventType "swiss"]
[EventCountry "CHI"]
[SourceTitle "playchess.com"]
[Source "ChessBase"]
[SourceQuality "1"]

{[%evp 15,22,18,25,14,18,11,32,25,37]} 1. d4 Nf6 2. c4 e6 3. Nf3 Bb4+ 4. Bd2 a5 5. a3 Bxd2+ 6. Qxd2 d6 7. Nc3 {E11: Bogo-Indian} Nc6 (7... O-O 8. g3 Nbd7 9. Bg2 e5 10. b3 exd4 11. Nxd4 Nb6 12. Ndb5 Nfd7 13. Qc2 a4 14. b4 Nxc4 {1-0 (54) Lysyj,I (2668)-Najer,E (2681) Sochi 2016}) 8. e4 O-O {LiveBook: 7 Games} 9. Bd3 e5 10. d5 Nb8 11. O-O Na6 {Predecessor:} 12. Bc2 $146 Bd7 13. b3 Qe7 14. Ne1 h6 {Mary,P (2302)-Horwitz,D (2295) ICCF email 2016} *

[Event "IV Zicosur Open 2019"]
[Site "Antofagasta"]
[Date "2019.01.10"]
[Round "9"]
[White "Cruz, Cristhian"]
[Black "Delgado Ramirez, Neuris"]
[Result "1/2-1/2"]
[WhiteElo "2564"]
[BlackElo "2623"]
[Annotator "TA"]
[PlyCount "53"]
[EventDate "2019.01.05"]
[EventType "swiss"]
[EventCountry "CHI"]
[SourceTitle "playchess.com"]
[Source "ChessBase"]
[SourceQuality "1"]

{[%evp 15,53,12,22,15,22,20,28,19,29,30,34,25,45,0,33,12,14,0,0,0,0,0,0,0,9,-36,-47,-39,0,-35,-16,-19,-4,-385,29,-97,-50,-25,-29,-23]} 1. d4 Nf6 2. c4 e6 3. Nf3 Bb4+ 4. Bd2 a5 5. a3 Bxd2+ 6. Qxd2 d6 7. Nc3 {E11: Bogo-Indian} Nc6 (7... O-O 8. g3 Nbd7 9. Bg2 e5 10. b3 exd4 11. Nxd4 Nb6 12. Ndb5 Nfd7 13. Qc2 a4 14. b4 Nxc4 {1-0 (54) Lysyj,I (2668)-Najer,E (2681) Sochi 2016}) 8. e4 O-O {LiveBook: 7 Games} 9. Bd3 {The position is equal.} e5 10. d5 Nb8 11. O-O Na6 12. Bc2 Bg4 $146 ({Predecessor:} 12... Bd7 13. b3 Qe7 14. Ne1 h6 {Mary,P (2302)-Horwitz,D (2295) ICCF email 2016}) 13. Ne1 c6 14. Nd3 Rc8 15. f4 exf4 16. Qxf4 Bh5 17. dxc6 bxc6 18. e5 dxe5 19. Nxe5 Qb6+ 20. Rf2 Rce8 {[#] Strongly threatening ...Rxe5!} 21. h3 Bg6 22. Bxg6 hxg6 23. Raf1 Nc5 24. Kh2 $2 {[%mdl 8192] [#]} (24. Qd4 $11 {and White stays safe.}) 24... Qc7 $2 (24... Nh5 $19 25. Qd4 Qb8) 25. Ng4 (25. Nxg6 $1 $11 Qxf4+ 26. Nxf4) 25... Qxf4+ 26. Rxf4 Nxg4+ 27. Rxg4 {Accuracy: White = 41%, Black = 26%.} 1/2-1/2